书目信息 |
| 题名: |
日本产业结构研究
|
|
| 作者: | 丁敏 著 | |
| 分册: | ||
| 出版信息: | 北京 世界知识出版社 2006 |
|
| 页数: | 223页 | |
| 开本: | 21cm | |
| 丛书名: | ||
| 单 册: | ||
| 中图分类: | F131.31 | |
| 科图分类: | ||
| 主题词: | 产业结构--研究--日本--现代 , 产业结构 | |
| 电子资源: | ||
| ISBN: | 7-5012-2745-4 | |
| 000 | 00812nam0 2200253 450 | |
| 001 | 003132800 | |
| 005 | 20070807144950.07 | |
| 010 | @a7-5012-2745-4@dCNY25.00 | |
| 035 | @a003132800 | |
| 100 | @a20060104d2006 em y0chiy0110 ea | |
| 101 | 0 | @achi |
| 102 | @aCN@b110000 | |
| 105 | @ay z 000yy | |
| 106 | @ar | |
| 200 | 1 | @a日本产业结构研究@Ari ben chan ye jie gou yan jiu@f丁敏著@Fding min zhu |
| 210 | @a北京@c世界知识出版社@d2006 | |
| 215 | @a223页@d21cm | |
| 330 | @a本书是关于日本产业结构的研究专著,着眼于第二次世界大战后日本经济和产业的发展,以及在战后经济发展过程中一些重要产业的成长及其结构变化。 | |
| 606 | 0 | @a产业结构@x研究@y日本@z现代 |
| 606 | 0 | @a产业结构 |
| 690 | @aF131.31@v4 | |
| 701 | 0 | @a丁敏@Ading min@c(女,@f1957~)@4著 |
| 801 | 0 | @aCN@bNLC@c20070807 |
| 905 | @dF131.31@e153@f1 | |
| 日本产业结构研究/丁敏著.-北京:世界知识出版社,2006 |
| 223页;21cm |
| ISBN 7-5012-2745-4:CNY25.00 |
| 本书是关于日本产业结构的研究专著,着眼于第二次世界大战后日本经济和产业的发展,以及在战后经济发展过程中一些重要产业的成长及其结构变化。 |
| ● |
| 相关链接 |
|
|
|
|
正题名:日本产业结构研究
索取号:F131.31/153
 
预约/预借
| 序号 | 登录号 | 条形码 | 馆藏地/架位号 | 状态 | 备注 |
| 1 | 0853064 | 208530641 | 第一样本阅览室/ [索取号:F131.31/153] | 在馆 |